Gender, generations and urban living conditions in Southern Africa (Record no. 5280)

MARC details
000 -LEADER
fixed length control field 00621nam a22001937a 4500
003 - CONTROL NUMBER IDENTIFIER
control field OSt
005 - DATE AND TIME OF LATEST TRANSACTION
control field 20250624111249.0
008 - FIXED-LENGTH DATA ELEMENTS--GENERAL INFORMATION
fixed length control field 250624b |||||||| |||| 00| 0 eng d
020 ## - INTERNATIONAL STANDARD BOOK NUMBER
International Standard Book Number 99911-31-41-8
041 ## - LANGUAGE CODE
Language code of text/sound track or separate title English
082 ## - DEWEY DECIMAL CLASSIFICATION NUMBER
Classification number 305.3G Acc No. 10,602
100 ## - MAIN ENTRY--PERSONAL NAME
Personal name KALABAMU, Faustin Tirkwirukwa
245 ## - TITLE STATEMENT
Title Gender, generations and urban living conditions in Southern Africa
260 ## - PUBLICATION, DISTRIBUTION, ETC.
Place of publication, distribution, etc. Roma:
Name of publisher, distributor, etc. Institute of Southern African Studies,
Date of publication, distribution, etc. 2005.
300 ## - PHYSICAL DESCRIPTION
Extent 293p., pics.,
500 ## - GENERAL NOTE
General note includes notes, refs.,
653 ## - INDEX TERM--UNCONTROLLED
Uncontrolled term Gender, generation and urban living conditions in southern Afric
942 ## - ADDED ENTRY ELEMENTS (KOHA)
Source of classification or shelving scheme Dewey Decimal Classification
Koha item type Books
Suppress in OPAC No
Holdings
Withdrawn status Lost status Source of classification or shelving scheme Damaged status Not for loan Home library Current library Shelving location Date acquired Total checkouts Full call number Date last seen Copy number Price effective from Koha item type
    Dewey Decimal Classification     Main Library Main Library Open Shelves 24/06/2025   305.3G Acc No. 10,602 24/06/2025 C1 24/06/2025 Books
©2026  Parliament of Ghana Library - All rights reserved